000 00373pab a2200145 454500
008 180718b1990 xxu||||| |||| 00| 0 eng d
100 _aNewland, Chet
245 _aPAR at fifty
_bRealism in the practice of ideals
260 _c1990
300 _a1-2
362 _aJan./Feb.
650 _aPublic Administration
773 _aPublic Administration Review
909 _a16879
999 _c16879
_d16879